Kewakafe
Uloženo v:
| Hlavní autor: | |
|---|---|
| Médium: | Neznámo |
| Jazyk: | angličtina |
| Vydáno: |
Limache, Chile:
Provincianos Editores,
2022
|
| Vydání: | Primera Edición |
| Témata: | |
| Tagy: |
Přidat tag
Žádné tagy, Buďte první, kdo vytvoří štítek k tomuto záznamu!
|
MARC
| LEADER | 00000 a2200000 4500 | ||
|---|---|---|---|
| 003 | CL-VaPUC | ||
| 005 | 20230726103113.0 | ||
| 008 | 230713t2022 ||||| |||| 00| 0 eng d | ||
| 999 | |c 441207 |d 441205 | ||
| 020 | |a 9789566127130 | ||
| 040 | |c Pontificia Universidad Católica de Valparaíso | ||
| 082 | 0 | 4 | |2 22 |a Ch861 MIR 2022 |
| 100 | 1 | |a Miranda Ruipalaf, Roxana |e autora |9 883265 | |
| 245 | 1 | 0 | |a Kewakafe |
| 250 | |a Primera Edición | ||
| 260 | |a Limache, Chile: |b Provincianos Editores, |c 2022 | ||
| 300 | |a 50 páginas | ||
| 583 | |k GC |c 20230713 | ||
| 650 | 1 | |a Poesías chilenas |9 265280 | |
| 942 | |2 ddc |c BK | ||
| 952 | |0 0 |1 0 |2 ddc |4 0 |6 CH_861_000000000000000_MIR_2022 |7 0 |8 A |9 590789 |a BIBEDU |b BIBEDU |c GEN |d 2023-07-10 |e 3 |g 9003.00 |i 5658022 |o Ch861 MIR 2022 |p 5658022 |r 2023-07-10 |t 1 |v 9003.00 |w 2023-07-10 |y BK |k LIT | ||